000 00577pab a2200205 454500
008 180718b2008 xxu||||| |||| 00| 0 eng d
100 _aMalakar, Bipul
245 _aGlobalization, outsourcing and exodus of workers: experience of Bangladesh
260 _c2008
300 _ap.631-42.
362 _aOct-Dec
650 _aLabour - Bangladesh
650 _aOutsourcing - Bangladesh
650 _aGlobalization - Bangladesh
650 _aGlobalization
700 _aSarker, Sahin Akter
773 _aIndian Journal of Labour Economics
908 _aN
909 _a80915
999 _c80915
_d80915